00528nam a2200193 a 4500001001300000003000900013005001700022008004100039020001000080082001600090100002600106245003000132260006200162300000800224500003500232505001700267650002400284700002600308nice12345678IN_TiNIC20260116011748.0050524s1964 hyda grp 000 0 urd  ac10000a297.23bAHM aAhmed, Qutbuddin Mohd aIslam Awr Tasawwur-E-Mawt aHyderabadbInst.Of Indo-Middle East Cultural Studiec1964 a56p aincludes index and biblioraphy2 aBibliography aEschatology-Islamic1 aAhmed, Qutbuddin Mohd